00740cam a2200193 a 450000100100000000500170001000800410002704000290006808200150009710000290011224501420014126000290028330000210031249000550033350400300038865000360041865000370045483000550049100001179420200929162552.0780627s1969 sp b 001 0 spa c aDO-SdBNPbspacLCdBNPHU a415bA321g1 aAlarcos Llorach, Emilio.10aGramática estructural :b(según la escuela de Copenhague y con especial atención a la lengua española) /cEmilio Alarcos Llorach. aMadrid :bGredos,c1969. a129 p. ;c21 cm.1 aBiblioteca Romanica Hispánica :aManualesvno. 3 aBibliografías: p. 9-10. 4aGramática comparada y general 4aEspañolxGramática comparada 0aBiblioteca Romanica Hispánica :pManualesvno. 3